| 000 | 01036nam a2200253 i 4500 | ||
|---|---|---|---|
| 001 | 82110 | ||
| 003 | ES-MaACL | ||
| 005 | 20230906174612.0 | ||
| 007 | t| | ||
| 008 | 041123s1990 fr ||||1| fre d | ||
| 020 | _a2-235-01852-1 | ||
| 080 | _a94(44)"1789/1799"(03) | ||
| 080 | _a323.272(44)"1789/1799 | ||
| 100 | 1 |
_aGainot, Bernard. _9139341 |
|
| 245 | 1 | 0 |
_aDictionnaire des membres du Comité de Salut Public _b: dictionnaire analytique, biographique et comparé des 62 membres du Comité de Salut Public / _cBernard Gainot ; préface de Michel Vovelle. |
| 260 |
_aParis : _bTallandier, _c1990. |
||
| 300 |
_a163 p. : _bil. ; _c24 cm. |
||
| 504 | _aBibliografía. | ||
| 610 | 1 |
_aFrancia. _bConvention Nationale, 1792-1795. _bComité de Salut Public. _9139342 |
|
| 650 | 4 |
_aPolíticos- _zFrancia- _yS.XVIII-XIX. _9139340 |
|
| 651 | 4 |
_aFrancia- _xHistoria- _y1789-1799, Revolución- _vDiccionarios. _98689 |
|
| 700 | 0 |
_aVovelle, Michel. _9115754 |
|
| 852 | 4 |
_aES-MaACL _jE-12409 _9R.139231 _z. - Biblioteca Jacinto Martínez Lacalle |
|
| 999 |
_c82110 _d82110 |
||